00988cam a22002657a 4500999001700000001000900017005001700026008004100043010001700084020001500101035001800116040002300134042001400157050002300171100003200194245008000226246003200306260005200338300004600390500005900436650002300495906004500518942003400563952012500597 c27507d275071334867820170208155954.0030922s2003 caua 000 0 eng d a 2003113100 a0974491802 a(DLC)13348678 aMIAcMIAdFUGdDLC alccopycat00aN7430.5b.N39 20031 aNelson, George,d1908-1986.10aHow to see :ba guide to reading our man-made environment /cGeorge Nelson.18aGeorge Nelson :bhow to see aOakland, Calif. :bDesign Within Reach,cc2003. axxi, 140 p. ;bill. (some col.) ;c23 cm. aRev. ed. of: How to see. Boston : Little, Brown, 1977. 0aVisual perception. a7bcbcccopycatd3encipf20gy-gencatlg 2lcccBOOKShN 7430.5 N39 2003 00102lcc4070aMUCbMUCcGENd2017-02-08eDonation (B.F.A)l0oN 7430.5 N39 2003p32855r2017-02-08w2017-02-08yBOOKS